Joueurs de rugby avec plus de 120 sélections nationales - Statistiques

Statistiques générales
  • Ce quiz a été pris 50 fois
  • Le résultat moyen est 13 sur 28
Statistiques - réponses
Rang Pays Nombre de sélections Poste Joueur % Correct
1. 170 (12) Deuxième Ligne Alun Wyn Jones
94%
4. 148 Troisième Ligne Aile Richie McCaw
88%
- 142 Troisième Ligne Centre Sergio Parisse
88%
- 124 (6) Demi d'Ouverture Johnny Sexton
84%
14. 130 (2) Demi d'Ouverture Ronan O'Gara
81%
7. 141 (8) Centre Brian O'Driscoll
75%
2. 153 Deuxième Ligne Sam Whitelock
72%
- 125 Demi de Mêlée Aaron Smith
69%
5. 144 Demi d'Ouverture / Arrière Beauden Barrett
69%
12. 133 (8) Demi de Mêlée Conor Murray
63%
- 124 Ailier Bryan Habana
59%
8. 139 Deuxième Ligne Eben Etzebeth
50%
- 124 (3) Ailier George North
47%
- 127 Troisième Ligne Centre Kieran Read
41%
10. 137 Pilier Cian Healy
38%
20. 125 Troisième Ligne Aile Michael Hooper
38%
- 121 (3) Pilier Dan Cole
34%
- 139 Demi de Mêlée George Gregan
28%
- 129 (2) Demi de Mêlée Ben Youngs
25%
22. 124 Talonneur Rory Best
25%
27. 121 Centre / Ailier Adam Ashley-Cooper
22%
18. 127 Deuxième Ligne Victor Matfield
19%
13. 132 Talonneur Keven Mealamu
16%
3. 151 Pilier James Slipper
13%
- 134 (5) Pilier Gethin Jenkins
9%
15. 129 Talonneur Stephen Moore
9%
- 129 Demi d'Ouverture / Centre Florin Vlaicu
6%
26. 122 Centre Davit Kacharava
3%
Aucun quiz correspondant
Distribution des résultats
% des personnes avec chaque résultat
Percentile par nombre de réponses
Votre historique - résultats
Vous n’avez pas pris ce quiz